| 000 -LEADER |
| fixed length control field |
01467 a2200253 4500 |
| 003 - CONTROL NUMBER IDENTIFIER |
| control field |
Nust |
| 005 - DATE AND TIME OF LATEST TRANSACTION |
| control field |
20220802110410.0 |
| 010 ## - LIBRARY OF CONGRESS CONTROL NUMBER |
| LC control number |
2002191031 |
| 020 ## - INTERNATIONAL STANDARD BOOK NUMBER |
| International Standard Book Number |
0471079359 (cloth) |
| 040 ## - CATALOGING SOURCE |
| Transcribing agency |
Nust |
| 082 00 - DEWEY DECIMAL CLASSIFICATION NUMBER |
| Classification number |
620.5,POO |
| 100 1# - MAIN ENTRY--PERSONAL NAME |
| Personal name |
Poole, Charles P. |
| 9 (RLIN) |
96224 |
| 245 10 - TITLE STATEMENT |
| Title |
Introduction to Nanotechnology / |
| Statement of responsibility, etc. |
Charles P. Poole, Jr., Frank J. Owens. |
| 260 ## - PUBLICATION, DISTRIBUTION, ETC. |
| Place of publication, distribution, etc. |
Hoboken, NJ : |
| Name of publisher, distributor, etc. |
J. Wiley, |
| Date of publication, distribution, etc. |
c2003. |
| 300 ## - PHYSICAL DESCRIPTION |
| Extent |
xii, 388 p. : |
| Other physical details |
ill. ; |
| Dimensions |
22 cm. |
| 505 ## - FORMATTED CONTENTS NOTE |
| Formatted contents note |
Introduction to Physics of the Solid State (Page-8), Methods of Measuring Properties (Page-35), Properties of Individual Nano particles (Page-72), Carbon Nano structures (Page-103), Bulk Nana structured Materials (Page-133), Nana structured Ferromagnetic (Page-165), Optical and Vibrational Spectroscopy (Page-194), Quantum Wells, Wires, and Dots (Page-226), Self-Assembly and Catalysis (Page-257), Organic Compounds and Polymers (Page-281), Biological Materials (Page-310), Nano machines and Nano devices (Page-332). |
| 650 #0 - SUBJECT ADDED ENTRY--TOPICAL TERM |
| Topical term or geographic name entry element |
Nanotechnology. |
| 9 (RLIN) |
2826 |
| 700 1# - ADDED ENTRY--PERSONAL NAME |
| Personal name |
Owens, Frank J. |
| 9 (RLIN) |
96225 |
| 856 42 - ELECTRONIC LOCATION AND ACCESS |
| Materials specified |
Book review (E-STREAMS) |
| Uniform Resource Identifier |
<a href="http://www.e-streams.com/es0611/es0611_2837.html">http://www.e-streams.com/es0611/es0611_2837.html</a> |
| 856 42 - ELECTRONIC LOCATION AND ACCESS |
| Materials specified |
Contributor biographical information |
| Uniform Resource Identifier |
<a href="http://www.loc.gov/catdir/bios/wiley043/2002191031.html">http://www.loc.gov/catdir/bios/wiley043/2002191031.html</a> |
| 856 42 - ELECTRONIC LOCATION AND ACCESS |
| Materials specified |
Publisher description |
| Uniform Resource Identifier |
<a href="http://www.loc.gov/catdir/description/wiley036/2002191031.html">http://www.loc.gov/catdir/description/wiley036/2002191031.html</a> |
| 856 42 - ELECTRONIC LOCATION AND ACCESS |
| Materials specified |
Table of contents |
| Uniform Resource Identifier |
<a href="http://www.loc.gov/catdir/toc/wiley041/2002191031.html">http://www.loc.gov/catdir/toc/wiley041/2002191031.html</a> |
| 942 ## - ADDED ENTRY ELEMENTS (KOHA) |
| Koha item type |
Reference |
| Source of classification or shelving scheme |
|